| 000 | 01566nam2a22003851 4500 | ||
|---|---|---|---|
| 001 | v19\rc\1744458 | ||
| 005 | 20250619082802.0 | ||
| 035 | _a(NLR Aleph) 004889597 | ||
| 090 |
_a5256733 _c5256733 |
||
| 100 | _a20061204d1902 |||y0rusy50 ca | ||
| 101 | 0 | _arus | |
| 102 | _aRU | ||
| 105 | _ay z ||||| | ||
| 200 | 1 | _aОт Орвы до Ибн-Исхака с Ибн-Хишамом | |
| 210 |
_d1902 _aБ. м. |
||
| 215 | _a[3], 90-144 с. | ||
| 225 | 1 |
_a... _vВып. 13 |
|
| 461 | 0 |
_1001v19\rc\1744457 _12001#$aИсточники для истории Мохамеда и литература о нем$f[Соч.] А. Крымского. 1-$v1 _1700#1$aКрымский$bА.Е.$f1871-1942$gАгафангел Ефимович _95256726 _aКрымский, А. Е. (писатель, востоковед ; 1871-1942) _cМосква _d1902 _f[Соч.] А. Крымского. 1- _nтип. В. Гатцук _tИсточники для истории Мохамеда и литература о нем _v1 |
|
| 702 | 0 |
_aОрва ибн Зобейр _fок. 646-713? _4570 |
|
| 702 | 1 |
_aИбн Исхак _bА. _f704-768 или 767 _gАбдуллах _4570 |
|
| 702 | 0 |
_aИбн Хишам _f-834 _4570 |
|
| 801 | 0 |
_aRU _bNLR _gpsbo |
|
| 801 | 0 |
_aRU _bRuMoRGB _2psbo |
|
| 801 | 1 |
_aRU _bProSoft-M _2rusmarc |
|
| 852 |
_aNLR _jКрI-6136 |
||
| 852 |
_aNLR _j38.78.2.1(13) |
||
| 899 |
_aRuMoRGB _jXXIV 46/1 |
||
| 899 | _aБАН | ||
| 899 | _aНБ СПбГУ | ||
| 899 | _aГПИБ | ||
| 899 | _aНБ МГУ | ||
| 942 | _cBOOK | ||
| 980 | _aNB | ||
| 980 | 1 | _aKRCH | |